The educational needs of democracy / (Record no. 43375)
[ view plain ]
| 000 -LEADER | |
|---|---|
| fixed length control field | 01112nam a2200241 a 4500 |
| 001 - CONTROL NUMBER | |
| control field | 43375 |
| 003 - CONTROL NUMBER IDENTIFIER | |
| rucl marc code | BD-RjUL |
| 005 - DATE AND TIME OF LATEST TRANSACTION | |
| control field | 20211209053705.0 |
| 008 - FIXED-LENGTH DATA ELEMENTS--GENERAL INFORMATION | |
| fixed length control field | 160621s1940 enka 000 0 eng d |
| 035 ## - SYSTEM CONTROL NUMBER | |
| System control number | (BD-RjUL) 43493 |
| 040 ## - CATALOGING SOURCE | |
| Original cataloging agency | DLC |
| Transcribing agency | IBA |
| Modifying agency | EQO |
| -- | BD-RjUL |
| Language of cataloging | eng |
| 041 ## - LANGUAGE CODE | |
| Language code of text/sound track or separate title | eng |
| 082 ## - DEWEY DECIMAL CLASSIFICATION NUMBER | |
| Edition number | 23 |
| Classification number | 370 |
| Author mark and year | ALE 1940 |
| 100 1# - MAIN ENTRY--PERSONAL NAME | |
| Personal name | Alexander, William Picken, |
| 9 (RLIN) | 133222 |
| 245 14 - TITLE STATEMENT | |
| Title | The educational needs of democracy / |
| Statement of responsibility, etc. | by W. P. Alexander ; with a foreword by Sir Frederick Mander |
| 260 ## - PUBLICATION, DISTRIBUTION, ETC. (IMPRINT) | |
| Place of publication, distribution, etc. | London : |
| Name of publisher, distributor, etc. | University of London Press, |
| Date of publication, distribution, etc. | 1940 |
| 300 ## - PHYSICAL DESCRIPTION | |
| Pagination | ix, 108 p. : |
| Illustrations | ill. ; |
| Size | 19 cm |
| 500 ## - GENERAL NOTE | |
| General note | "First printed March 1940." |
| General note | A series of lectures delivered on behalf of the National union of teachers and the Board of education to various educational bodies during the past two years. cf. Pref |
| 505 0# - FORMATTED CONTENTS NOTE | |
| Formatted contents note | The psychological basis of education.--The significance of individual factors.--School organisation based on the hierarchic theory.--The backward child.--Methods of selection for post-primary education.--The educational frontier |
| 650 #0 - SUBJECT ADDED ENTRY--TOPICAL TERM | |
| Topical term or geographic name as entry element | Education |
| 9 (RLIN) | 133223 |
| 942 ## - ADDED ENTRY ELEMENTS (KOHA) | |
| Source of classification or shelving scheme | Dewey Decimal Classification |
| Koha item type | Books |
| Lost status | Source of classification or shelving scheme | Damaged status | Not for loan | Collection code | Permanent Location | Current Location | Shelving location | Date acquired | Source of acquisition | Cost, normal purchase price | Total Checkouts | Full call number | Date last seen | Copy number | Koha item type |
|---|---|---|---|---|---|---|---|---|---|---|---|---|---|---|---|
| Dewey Decimal Classification | Non-fiction | Central Library, University of Rajshahi | Central Library, University of Rajshahi | 03/04/1957 | Simpkim Marshall | 3.00 | 370 ALE 1940 | 21/06/2016 | C-3 | Books | |||||
| Dewey Decimal Classification | Non-fiction | Central Library, University of Rajshahi | Central Library, University of Rajshahi | 08/09/1955 | B.H. Backwell | 35.00 | 370 ALE 1940 | 21/06/2016 | C-2 | Books |